Quizzes
Events
Quiz Creation
Community
Videos
Private Events
Remove Ads
Sign In
Join for FREE
Feedback
Dark Mode
Quiz Categories
Sports
Geography
Music
Movies
Television
Just For Fun
Miscellaneous
History
Literature
Language
Science
Gaming
Entertainment
Religion
Holiday
For Kids
Quiz Lab
Recent
Popular Today
Quiz Kudos Today
Editor Picks
Curator Picks
Quizzes by...
Day
Popularity
Type
Ratings
Length
Year
Community
Subscriptions
Recent Discussions
Orange Saloon
Badges
Playlists
Quests
Create
Leaderboards
Showdown
Live 5
Trivia Bingo
Activity
Puzzle Library
Sporcle Events
Private Events
Virtual Trivia
Globe League
Become a Host
Pub Owners
SporcleCon
Opinionation
Our Games
Videos
Blog
Mobile Apps
Partnerships
Remove Ads and Go Orange
Feedback
Sports
Athletes
MLB
NBA
NHL
NFL
Soccer
Sports Teams
WWE
NCAA
Football
Premier League
Basketball
Baseball
Hockey
Golf
Tennis
Cricket
Rugby
Auto Racing
Olympics
World Cup
Sports
Athletes
MLB
NBA
NHL
NFL
Soccer
Sports Teams
WWE
NCAA
Football
Premier League
Basketball
Baseball
Hockey
Golf
Tennis
Cricket
Rugby
Auto Racing
Olympics
World Cup
Random Quiz
Search Sporcle
×
Quiz Lab
Quiz Lab
Sports
Football
Type in answers that appear in a list
Type in answers that appear in a list
Classic
Best Score? Go Orange.
Top XIs: Manchester City (1990s) Stats
Can you name the most-used League starting XIs for Manchester City in the 1990s?
By
culverhouse
10m
110 Questions
1,331 Plays
1,331 Plays
1,331 Plays
Comments
Comments
Give Quiz Kudos
Give Quiz Kudos
-
- Ratings
hide this ad
Replay
Link that replays current quiz
Next Quiz
Link to next quiz in quiz playlist
You Got
0%
They Got
Avg Score
71%
Avg Friend Score
Upgrade to see
Score Distribution
Jump to the score distribution portion of the page
Score
0/110
Timer
10:00
0
Plays Today
% Correct
Niall Quinn
94.3%
Niall Quinn
94.3%
Niall Quinn
94.3%
Niall Quinn
94.3%
Niall Quinn
94.3%
Niall Quinn
94.3%
Tony Coton
92.9%
Tony Coton
92.9%
Tony Coton
92.9%
Tony Coton
92.9%
Tony Coton
92.9%
Uwe Rösler
90.4%
Uwe Rösler
90.4%
Uwe Rösler
90.4%
Uwe Rösler
90.4%
Nicky Weaver
87.9%
Nicky Weaver
87.9%
Georgi Kinkladze
87.5%
Georgi Kinkladze
87.5%
Georgi Kinkladze
87.5%
Shaun Goater
87.2%
Shaun Goater
87.2%
David White
84.9%
David White
84.9%
David White
84.9%
Ian Brightwell
84.2%
Ian Brightwell
84.2%
Ian Brightwell
84.2%
Ian Brightwell
84.2%
Ian Brightwell
84.2%
Keith Curle
82.5%
Keith Curle
82.5%
Keith Curle
82.5%
Keith Curle
82.5%
Keith Curle
82.5%
Paul Dickov
82.4%
Peter Reid
81.7%
% Correct
Peter Reid
81.7%
Richard Edghill
80.3%
Richard Edghill
80.3%
Richard Edghill
80.3%
Richard Edghill
80.3%
Terry Phelan
80.2%
Terry Phelan
80.2%
Terry Phelan
80.2%
Kevin Horlock
75.9%
Kevin Horlock
75.9%
Kevin Horlock
75.9%
Steve Lomas
74.5%
Steve Lomas
74.5%
Nicky Summerbee
74%
Nicky Summerbee
74%
Nicky Summerbee
74%
Eike Immel
71.7%
Garry Flitcroft
70.7%
Garry Flitcroft
70.7%
Garry Flitcroft
70.7%
Garry Flitcroft
70.7%
Michel Vonk
70.1%
Michel Vonk
70.1%
Michel Vonk
70.1%
Mike Sheron
69.8%
Mike Sheron
69.8%
Mike Sheron
69.8%
Paul Walsh
68.3%
Steve McMahon
68.1%
Martyn Margetson
67.6%
Martyn Margetson
67.6%
Steve Redmond
67.3%
Steve Redmond
67.3%
Colin Hendry
66.2%
Gerard Wiekens
66.1%
Gerard Wiekens
66.1%
Gerard Wiekens
66.1%
% Correct
Ian Bishop
64.8%
Kit Symons
60.9%
Kit Symons
60.9%
Kit Symons
60.9%
Neil Pointon
60.5%
Neil Pointon
60.5%
Mark Ward
59.9%
Peter Beagrie
59.9%
Andy Hill
58.9%
Andy Hill
58.9%
Fitzroy Simpson
58.7%
Jeff Whitley
57.9%
Jeff Whitley
57.9%
Alan Kernaghan
57.5%
Michael Brown
57.3%
Nigel Clough
56.7%
Adrian Heath
54.3%
Jamie Pollock
53.6%
Gareth Taylor
53.3%
Alan Harper
53.1%
Rick Holden
52.6%
Terry Cooke
51.7%
Danny Tiatto
50.3%
Lee Bradbury
49.9%
Michael Hughes
49.6%
Mark Kennedy
49%
Michael Frontzeck
47.9%
David Rocastle
47.6%
Richard Jobson
46.2%
Tony Vaughan
42.5%
Tony Vaughan
42.5%
Lee Crooks
40.3%
Eddie McGoldrick
38.1%
Danny Granville
37.8%
Ged Brannan
36.9%
Rae Ingram
30.4%
Quiz Playlist
Details
Report
Send in Message
Add To Playlist
Classic:
Type in answers that appear in a list
Quiz Source
Last Updated: Oct 4, 2022
Quiz Scoreboard
CHALLENGE
Sign Up to Join the Scoreboard
Show All
Scores
Hide
Comments
May contain spoilers
Recently Published
Decade Duel: World Leaders
by jenniferyan
History
4m
Alphabetical 'K' Countries by Flag Minefield
by ylime102
Geography
3m
Pick 6: Fruits
by JohnFran
Miscellaneous
15s
More to Explore
Quiz From the Vault
Featured Blog Post
15 Basketball Trivia Facts You Can Be March Mad About
hide this ad
You Might Also Like...
Tags
Football Quiz
1990s
Manchester City
Today's Top Quizzes in Sports
Browse Sports
hide this ad
Today's Top Quizzes in Football
Browse Football
Top Contributed Quizzes in Sports
1
Les joueurs à 100 buts en Ligue 1 Uber Eats
2
2022 World Cup Stars
3
Pick 6: NFL Teams
4
MLB 2 truths and a lie: Hall of Fame pitchers
5
Pick 6: Minor League Baseball
6
Millionaire: NBA Finals Edition
7
Pick 6: Olympics
8
Click the 1998 NBA Draft
9
Criteria MLB: Left Handed Sluggers
10
NBA Logic Puzzle 2.0
Explore More
Trending Topics
Harry Potter
Crossword
Anime
NBA
Marvel
Disney
Kpop
Puzzle
Country
Pokémon
Soccer
NFL
Song
WWE
The Office
hide this ad
More By:
culverhouse
Quiz
Plays
Rating
Category
Featured
Created
Top XIs: Scotland (1980s/1990s)
6,979
5.00
Sports
Apr 1, 2016
FA Premier League XIs 2016-17
6,448
4.70
Sports
May 23, 2017
Top XIs: Liverpool (1980s)
6,044
5.00
Sports
Jul 1, 2016
Top XIs: Manchester United (1980s)
5,930
5.00
Sports
Jul 1, 2016
UEFA Champions League last 16 XIs 2018-19
5,523
4.89
Sports
Jun 1, 2019
Go to Creator's Profile
Score Distribution
Quiz Creator Spotlight
culverhouse
Follow
Send a Message
Quizzes Created
-
Created Quiz Play Count
-
More By This Creator
Popular Quizzes Today
1
Countries of Asia Without Outlines Minefield
2
Find the US States - No Outlines Minefield
3
Pick 6: Fruits
4
The Countries of the World
5
Alphabetical 'K' Countries by Flag Minefield
6
Find the Countries of Europe - No Outlines Minefield
7
US States
8
Find the US States
More Sports Quizzes
Team Rebound Leaders Last Decade NBA
Quiz Lab
Trending Quizzes
Pick 6: Mountains
Pick 6: Harry Potter
Pick 6: Flags
Pick 6: NFL Teams
Pick 6: Movie Franchises
Recently Updated
Adaptations: Name the Title
pecheneg
NWSL Teams
pecheneg
Women's Final Four Teams by Year
bhenderson79
Presidents Quartet II
eogle
Anything But Clue(do)
eogle
Anything But Oceanian Capitals
eogle
Anything But 7
eogle
Anything But Thing
eogle
Word Ladder: February 29
pecheneg
Song Title Questions
pecheneg
Trending Topics
Anime
Kpop
Disney
Crossword
NBA
Harry Potter
Marvel
The Office
WWE
Pokémon
Song
Soccer
Country
NFL
Puzzle
Your Account Isn't Verified!
In order to create a playlist on Sporcle, you need to verify the email address you used during registration. Go to your
Sporcle Settings
to finish the process.
Report this User
Report this user for behavior that violates our
Community Guidelines
.
Details:
Send Report
Go to the Sporcle.com Mobile Site →
Comments